| 000 | 00551nam a2200217Ia 4500 | ||
|---|---|---|---|
| 003 | OSt | ||
| 005 | 20220923230828.0 | ||
| 006 | a|||||r|||| 00| 0 | ||
| 007 | ta | ||
| 008 | Pun | ||
| 024 | _a305,929 | ||
| 037 | _cTextual | ||
| 040 |
_aARTS _cARTS _bPun |
||
| 041 |
_2Pun _aPun |
||
| 082 | _aP153, 153M0 | ||
| 100 | _aਗੁਪਤਾ, ਬਲਦੇਵ ਰਾਜ | ||
| 245 | 0 | _aਭਾFਾ ਵਿਗਿਆਨ | |
| 260 | _c1980 | ||
| 942 |
_hP153, 153M0 _cTEXL _2CC |
||
| 999 |
_c387716 _d387716 |
||